| 000 | 00671nam a2200205 a 4500 | ||
|---|---|---|---|
| 001 | 000012486 | ||
| 005 | 20240412074232.0 | ||
| 008 | 091113s1980 dr 001 f spa d | ||
| 040 |
_aDO-SdBNP _bspa _cBNPHU |
||
| 082 |
_aRD863.44 _bG993m |
||
| 100 | 1 |
_aGuzmán, Fernando, _d1951- _929210 |
|
| 245 | 1 | 0 |
_aMano blanca / _cFernando Guzmán. |
| 260 |
_aSanto Domingo : _bEscala Gráfica, _c1980. |
||
| 300 |
_a155 p. ; _c18 cm. |
||
| 590 | _aInventariado, 2020/YL | ||
| 500 | _aIncluye datos biográficos del autor en la contracubierta | ||
| 650 | 4 |
_aNovela policiaca dominicana _929211 |
|
| 650 | 0 |
_aLiteratura dominicana. _967 |
|
| 910 | _aValidado. Control de calidad MFF | ||
| 999 |
_c12142 _d12142 |
||